ČSN 33 0050 Názvosloví v elektrotechnice ochrany energetických systémů Elektrotechnické předpisy
| Format: | Book |
|---|---|
| Language: | Undetermined |
| PhysicalDescription: | 40 s. |
| Published: |
Praha
Vydavatelství norem
1991
|
MARC
| LEADER | 00000nam a2200000 a 4500 | ||
|---|---|---|---|
| 001 | vtls001267998 | ||
| 003 | SK-MaSNL | ||
| 005 | 20260224105020.0 | ||
| 008 | 961128s1991 xx 0 und | ||
| 035 | |a SNK000218991 | ||
| 040 | |a SNK |b slo |c SNK |e AACR2 | ||
| 245 | 1 | |a ČSN 33 0050 Názvosloví v elektrotechnice ochrany energetických systémů |b Elektrotechnické předpisy | |
| 260 | |a Praha |b Vydavatelství norem |c 1991 | ||
| 300 | |a 40 s. | ||
| 999 | |c 970892 |d 972822 | ||
| 952 | |t P60, <04>, [BOOK], {604} |a SNK |b SNK |y VYP |7 0 |p 17A0023189 |o snkČSN 33 0050 |0 0 |1 0 |4 0 |d 1996-11-28 |l 0 |r 2005-01-01 00:00:00 |w 2026-02-24 | ||


